Saiki K Quiz - Statistics

General Stats
  • This quiz has been taken 205 times
  • The average score is 4 of 15
Answer Stats
Hint Answer % Correct
Main character with antenna clips, green glasses, and pink hair Kusuo Saiki
100%
Ugly man with butt chin Riki Nendo
44%
Blue haired girl that everyone thinks is beautiful Kokomi Teruhashi
42%
Character that is "fighting" the Dark Reunion Shun Kaido
42%
Girl with who has a crush on Kaido Chiyo Yumehara
27%
The transfer student who is a formal delinquent Aren Kuboyasu
26%
Pervert who can summon ghosts Reita Toritsuka
24%
Main character's genius mad scientist brother. Kusuke Saiki
21%
The red-haired enthusiastic class president Kineshi Hairo
18%
A gyaru girl with green hair who can see auras and carries a crystal ball Aiura Mikoto
17%
The poor girl who works several jobs and is always asking for food. Chisato Mera
15%
A rich spoiled brat who thinks he owns the world Metori Saiko
12%
Father of main character Kuniharu Saiki
11%
Mother of main character Kurumi Saiki
11%
Blonde kid with a bob who can never shut his mouth Akechi Toma
6%
No matching quizzes found
Score Distribution
Percent of People with Each Score
Percentile by Number Answered
Your Score History
You have not taken this quiz